000 00842nam0a22002771 4500
001 v19\rc\1992446
005 20251118181408.6
035 _a(NLR Aleph) 005088016
090 _a7266823
_c7266823
100 _a20080811d1915 u y0rusy50 ca
101 0 _arus
102 _aRU
105 _ay z |||e|
200 1 _aЧтение и письмо слепых по Брайлю
210 _a[Санкт-Петербург]
_cтип. М.А. Александрова
_d[1915]
215 _a9 с.
309 _aБез тит. л. и обл.
702 1 _4570
_aБрайль
_bЛ.
_f1809-1852
_gЛуи
_9138937
_3RU\NLR\AUTH\770138972
801 0 _aRU
_bNLR
_gpsbo
801 0 _aRU
_bRuMoRGB
_2psbo
801 1 _aRU
_bProSoft-M
_2rusmarc
852 _aNLR
_j37.59.4.135
899 _aRuMoRGB
_jV 121/500
942 _cBOOK
980 _aNB